BEATI ALBERTI MAGNI, RATISBONENSIS EPISCOPI, ORDINIS PRAEDICATORVM, COMMENTARII IN PSALMOS, E. M.S. Bibliothecae sancti Victoris Paris Operum Tomus Septimus /

Hlavní autor: Albert Veliký, svatý, 1193-1280
Další autoři: Jammy, Pierre
Jazyk: Latina
Vydáno: Lvgdvni : sumptibus Clavdii Prost ;Petri & Clavdii Rigavd, Frat. ;Hieronymi Delagarde ;Ioan. Ant. Hvgvetan, 1651
Témata:
Externí odkaz: Digitalizovaný dokument
Fyzický popis: [4], 434 s. ; 6°
Knihy
Uloženo v:
LEADER 02656nam a2200517 a 4500
001 mzk03001187167
003 CZ BrMZK
005 20130130140416.0
007 ta
008 130130s1651 fr f f |||| 0 lat|d
040 |a BOA001  |b cze 
072 7 |a 27  |x Křesťanství. Křesťanská církev všeobecně. Eklesiologie  |2 Konspekt  |9 5 
072 7 |a 094  |x Staré tisky  |2 Konspekt  |9 12 
080 |a 27-254-273  |2 MRF 
080 |a (0.068)094  |2 MRF 
080 |a 025.171  |2 MRF 
100 0 |a Albert Veliký,  |c svatý,  |d 1193-1280  |7 nlk20000078394  |4 aut 
245 1 0 |a BEATI ALBERTI MAGNI, RATISBONENSIS EPISCOPI, ORDINIS PRAEDICATORVM, COMMENTARII IN PSALMOS, E. M.S. Bibliothecae sancti Victoris Paris  |n Operum Tomus Septimus /  |c recogniti per R. A. P. F. PETRVM IAMMY, sacrae Theologiae Doctorem, Conuentus Gratianopolitani, eiusdem Ordinis, NVNC PRIMVM IN LVCEM PRODEVNT 
260 |a Lvgdvni :  |b sumptibus Clavdii Prost ;  |b Petri & Clavdii Rigavd, Frat. ;  |b Hieronymi Delagarde ;  |b Ioan. Ant. Hvgvetan,  |c 1651 
300 |a [4], 434 s. ;  |c 6° 
500 |a Výzdoba: Titulní list tištěn červeně a černě, mědirytina na titulním listu (uprostřed znak města Lyonu, po jeho stranách rohy hojnosti a alegorická zobrazení řek pravděpodobně Rhôny a Saôny), vlysy, iniciály, linky z typografických ozdob, viněty, tištěno dvousloupcově 
501 |a Obsahuje: Přívazek stejného titulu 7. díl, 2. část 
561 |a Provenience: Exlibris se studujícím mnichem 
561 |a Provenience: [razítko] Bibliotheca Mon. Raigrad. O.S.B 
561 |a Provenience: [m.p.] M[o]n[aste]rij Rayhradij SS: Ap[osto]lorum Petri et Pauli A: 1702 
563 |a Pergamenová vazba Rajhrad, dřevěné desky, zachovány dvě kovové spony, modrá ořízka 
650 7 |a biblické komentáře  |7 ph684318  |2 czenas 
655 7 |a staré tisky  |7 fd422076  |2 czenas 
650 7 |a historické knihovní fondy  |7 ph172933  |2 czenas 
700 1 |a Jammy, Pierre  |4 edt 
856 4 1 |u https://imageserver.mzk.cz/mzk03/001/187/167/328100208950.titul  |y Digitalizovaný dokument 
903 |a RP 
910 |e BOE950  |c R - D. II. dd. 8 
978 |b Prost, Claude  |a Lyon  |c 1651 
978 |b Rigaud, Claude II  |a Lyon  |c 1651 
978 |b Rigaud, Pierre  |a Lyon  |c 1651 
978 |b La Garde, Jérôme de  |a Lyon  |c 1651 
978 |b Huguetan, Jean Antoine  |a Lyon  |c 1651 
982 0 |a Rajhrad - benediktinský klášter 
984 |a Lyon  |b Francie 
985 |a 1651-1700 
990 |a BK 
996 |e BOE950  |c R - D. II. dd. 8 
980 |c 208950  |g R - D. II. dd. 8  |1 328100208950  |p BN. 646 VII. 
991 |k rajhrad 
994 |a DN  |l MZK03  |b 001187168  |m záznam 1. dílu  |n přívazek